000 00636nam a2200241Ia 4500
003 OSt
005 20220926022225.0
006 a|||||r|||| 00| 0
007 ta
008 220923b |||||||| |||| 00| 0 eng d
037 _cGeneral Book
040 _aRTL
_cRTL
_beng
041 _2eng
_aeng
082 _am1N45.N96, N6/UN
110 _aUNITED NATIONS
245 0 _aUNDOC
_b Current index
260 _aNew York
_bUnited Nations
_c1996
300 _a1175p.
_ccm.
500 _aSubject index;Pt.II
700 _aUNITED NATIONS
942 _hm1N45.N96, N6/UN
_cGB
_2CC
999 _c638915
_d638915